000 00487nam a2200217Ia 4500
003 OSt
005 20221005131849.0
006 a|||||r|||| 00| 0
007 ta
008 221004b |||||||| |||| 00| 0 eng d
024 _a115746
037 _cTextual
040 _aCRL
_cCRL
_beng
041 _2eng
_aeng
100 _aGordon G
_9640216
245 0 _aSystem simulation
260 _c1980
650 _aHISTORY
942 _cTEXL
_2cc
999 _c1061678
_d1061678